The tides of the planet earth (Record no. 7149)

MARC details
000 -LEADER
fixed length control field 00577nam a2200193Ia 4500
003 - CONTROL NUMBER IDENTIFIER
control field IN-BaIIA
008 - FIXED-LENGTH DATA ELEMENTS--GENERAL INFORMATION
fixed length control field 211028s9999 xx 000 0 eng d
020 ## - INTERNATIONAL STANDARD BOOK NUMBER
International Standard Book Number 0-08-022047-9
040 ## - CATALOGING SOURCE
Transcribing agency IIA Library
080 ## - UNIVERSAL DECIMAL CLASSIFICATION NUMBER
Universal Decimal Classification number 523.31-423.3
Item number MEL
100 ## - MAIN ENTRY--PERSONAL NAME
Personal name Melchior, Paul
9 (RLIN) 6354
245 #4 - TITLE STATEMENT
Title The tides of the planet earth
Statement of responsibility, etc. Paul Melchior
260 ## - PUBLICATION, DISTRIBUTION, ETC.
Place of publication, distribution, etc. Oxford
Name of publisher, distributor, etc. Pergamon Press
Date of publication, distribution, etc. 1978
300 ## - PHYSICAL DESCRIPTION
Extent xi, 609p.
650 ## - SUBJECT ADDED ENTRY--TOPICAL TERM
Topical term or geographic name entry element Astronomy and astrophysics thesaurus
650 ## - SUBJECT ADDED ENTRY--TOPICAL TERM
Topical term or geographic name entry element Atmospheric tides
650 ## - SUBJECT ADDED ENTRY--TOPICAL TERM
Topical term or geographic name entry element Earth - tides
9 (RLIN) 12258
942 ## - ADDED ENTRY ELEMENTS (KOHA)
Koha item type Books
Holdings
Withdrawn status Lost status Damaged status Not for loan Home library Current library Shelving location Date acquired Cost, normal purchase price Total Checkouts Full call number Barcode Date last seen Cost, replacement price Price effective from Koha item type Purchase Price
        IIA Library-Bangalore IIA Library-Bangalore General Stacks 25/08/1982 1039.50   523.31-423.3/ MEL 7943 05/11/2021 1039.50 25/08/1982 Books Rs. 1039.50

Powered by Koha